| 000 | 00430cam a2200181ua 4500 | ||
|---|---|---|---|
| 001 | 10579 | ||
| 008 | 191126n2006 II |||gr||||Z||||||eng | ||
| 040 | _aMAIN | ||
| 041 | _aEnglish | ||
| 041 | _aeng | ||
| 082 | _a370.15342 ULI | ||
| 100 | _aULICH, ROBERT. | ||
| 245 | _aHISTORY OF EDUCATIONAL THOUGHT | ||
| 260 |
_aDELHI _bSURJEET PUBLICATION _c2006 |
||
| 300 |
_a412.: _c23CM. |
||
| 653 | _aEducational Thought | ||
| 942 | _cBK | ||
| 999 |
_c10549 _d10549 |
||